书目信息 |
| 题名: |
修身与教化
|
|
| 作者: | 唐国军, , 刘国普, 著 | |
| 分册: | ||
| 出版信息: | 北京 光明日报出版社 2022.06 |
|
| 页数: | 229页 | |
| 开本: | 24cm | |
| 丛书名: | 思想政治教育研究文库 | |
| 单 册: | ||
| 中图分类: | B222.05 | |
| 科图分类: | ||
| 主题词: | 儒家--ru jia--思想政治教育--研究 | |
| 电子资源: | ||
| ISBN: | 978-7-5194-6643-5 | |
| 000 | 01666nam 2200337 450 | |
| 001 | CAL 012022043346 | |
| 005 | 20230217093113.0 | |
| 010 | @a978-7-5194-6643-5@b精装@dCNY95.00 | |
| 100 | @a20221031d2022 em y0chiy0120 ea | |
| 101 | 0 | @achi |
| 102 | @aCN@b110000 | |
| 105 | @ay a 000yy | |
| 106 | @ar | |
| 200 | 1 | @a修身与教化@Axiu shen yu jiao hua@e儒家思想政治教育理论与实践模式研究@f唐国军, 刘国普著 |
| 210 | @a北京@c光明日报出版社@d2022.06 | |
| 215 | @a229页@d24cm | |
| 225 | 2 | @a思想政治教育研究文库@Asi xiang zheng zhi jiao yu yan jiu wen ku |
| 300 | @a教育部人文社会科学研究项目一般项目结题成果 2021年度国家社科基金项目阶段性成果 | |
| 306 | @a中国南方与东南亚民族研究中心2020年配套经费资助出版 | |
| 314 | @a唐国军, 博士, 教授, 硕士生导师。曾任广西民族学院历史与档案系主任、社会科学部主任。刘国普, 博士, 副教授, 硕士生导师, 广西民族大学马克思主义学院副院长等职。 | |
| 320 | @a有书目 (第222-227页) | |
| 330 | @a本书力图从理论体系及其实践模式两个方面, 深入探讨中国传统政治中以儒家经典文本为中心的思想政治教育理论体系及其在两汉政治实践中所形成的思想政治教育模式。本书绪论部分探讨思想政治教育中传统资源与现代运用的关系, 认为两汉开启的儒家思想政治教育实践模式, 有许多值得肯定和借鉴的历史经验。全书分为上下两篇。 | |
| 410 | 0 | @12001 @a思想政治教育研究文库 |
| 517 | 1 | @a儒家思想政治教育理论与实践模式研究@Aru jia si xiang zheng zhi jiao yu li lun yu shi jian mo shi yan jiu |
| 606 | 0 | @a儒家@Aru jia@x思想政治教育@x研究 |
| 690 | @aB222.05@v5 | |
| 701 | 0 | @a唐国军,@Atang guo jun@f1963-@4著 |
| 701 | 0 | @a刘国普,@Aliu guo pu@f1986-@4著 |
| 801 | 0 | @aCN@bBJXHZP@c20230228 |
| 905 | @a可供@b1397427-30@dB222.05@e1051@f4 | |
| 906 | @aRTGM | |
| 修身与教化:儒家思想政治教育理论与实践模式研究/唐国军, 刘国普著.-北京:光明日报出版社,2022.06 |
| 229页;24cm.-(思想政治教育研究文库) |
| 教育部人文社会科学研究项目一般项目结题成果 2021年度国家社科基金项目阶段性成果 |
| ISBN 978-7-5194-6643-5(精装):CNY95.00 |
| 本书力图从理论体系及其实践模式两个方面, 深入探讨中国传统政治中以儒家经典文本为中心的思想政治教育理论体系及其在两汉政治实践中所形成的思想政治教育模式。本书绪论部分探讨思想政治教育中传统资源与现代运用的关系, 认为两汉开启的儒家思想政治教育实践模式, 有许多值得肯定和借鉴的历史经验。全书分为上下两篇。 |
| ● |
| 相关链接 |
|
|
|
|
正题名:修身与教化
索取号:B222.05/1051
 
预约/预借
| 序号 | 登录号 | 条形码 | 馆藏地/架位号 | 状态 | 备注 |
| 1 | 1397427 | 213974270 | 第一样本阅览室/ [索取号:B222.05/1051] | 在馆 | |
| 2 | 1397428 | 213974289 | 第一借阅区/ [索取号:B222.05/1051] | 在馆 | |
| 3 | 1397429 | 213974298 | 第一借阅区/ [索取号:B222.05/1051] | 在馆 | |
| 4 | 1397430 | 213974305 | 第一借阅区/ [索取号:B222.05/1051] | 在馆 |